000
00192 a2200097 4500
020
_a
9788434825567
041
_a
spa
100
_a
Carvajal,Francisco
245
_a
El Circo de Paco
942
_c
BK
999
_c
31744
_d
31742